000 00564nam a22002057a 4500
005 20251108164900.0
008 250721s1982 xx 000 0 ara d
082 1 4 _a962.02/صلا
100 1 _aعيسى، صلاح
245 1 0 _aالثورة العربية /
250 _aط2.
264 1 _aالقاهرة :
_bدار المستقبل العربي،
_c1982.
300 _a503ص
650 1 7 _aتاريخ مصر
650 1 7 _aالتاريخ السياسي
650 1 7 _aالثورات
650 1 7 _aتاريخ مصر
942 _2ddc
_cBK
999 _c16609
_d16609